000
00310 a2200145 4500
001
49973
020
_a
8574881554
040
_c
Anchieta - Bela Vista
240
1
0
_a
O pequeno polegar
_l
por
245
1
0
_a
O pequeno polegar
300
_a
16
440
1
_a
Girassol
650
4
_a
Literatura infantil
942
_c
BK
999
_c
49973
_d
49973